000 01672nam0a22003251 4500
001 v19\rc\1529008
005 20260405221618.0
035 _a(NLR Aleph) 004649499
090 _a3402751
_c3402751
100 _a20060620d1887 |||y0rusy50 ca
101 0 _arus
102 _aRU
105 _ay z |||||
200 1 _aДокументы из Архива депутатского собрания и отчеты за 12 лет существования Петровско-Александровского пансион-приюта московского дворянства
_f[Изд. и предисл. А.В. Мещерского]
210 _aМосква
_cтип. п/ф. "Т. Рис"
_d1887
215 _a78 с.
_d21
300 _aЗагл. обл.: Материал для истории Петровско-Александровского пансионата-приюта московского дворянства
512 0 _aМатериал для истории Петровско-Александровского пансионата-приюта московского дворянства
702 1 _4650
_4080
_7ca
_8rus
_aМещерский
_bА. В.
_f1822-1900
_gАлександр Васильевич
_982845
_3RU\NLR\AUTH\7799919
712 0 2 _aПетровско-Александровский пансион-приют московского дворянства
_cМосква
801 0 _aRU
_bNLR
_gpsbo
801 0 _aRU
_bRuMoRGB
_2psbo
801 1 _aRU
_bProSoft-M
_2rusmarc
852 _aNLR
_j20.56.3.10
899 _aRuMoRGB
_jW 446/139
899 _aБАН
899 _aГПИБ
899 _aНБ МГУ
942 _cBOOK
980 _aNB